|
|
|
|
| LEADER |
00000nam0a2200000 4500 |
| 001 |
266803 |
| 005 |
20231101234031.0 |
| 020 |
|
|
|a RU
|b 86-12293и
|
| 035 |
|
|
|a (RuTPU)RU\TPU\book\289823
|
| 090 |
|
|
|a 266803
|
| 100 |
|
|
|a 20140715d1986 km y0rusy5003 ca
|
| 101 |
0 |
|
|a rus
|
| 102 |
|
|
|a RU
|
| 105 |
|
|
|a a z 001zy
|
| 200 |
1 |
|
|a Эрмитаж
|e Западноевропейская живопись XIX-XX вв. : [Альбом]
|f А . Г. Костеневич
|
| 210 |
|
|
|a Ленинград
|c Аврора
|d 1986
|
| 215 |
|
|
|a 378 с.
|c в основном ил. цв. ил.
|d 35 см
|
| 320 |
|
|
|a Библиогр.: с. 374-375 + Библиогр. в примеч.: с. 24 + Библиогр. в тексте.
|
| 320 |
|
|
|a Указ. имен художников в конце кн.
|
| 606 |
1 |
|
|a Эрмитаж
|2 stltpush
|3 (RuTPU)RU\TPU\subj\21412
|9 46411
|
| 606 |
1 |
|
|a Живопись
|x История
|2 stltpush
|3 (RuTPU)RU\TPU\subj\73356
|9 86388
|
| 610 |
1 |
|
|a западноевропейская живопись
|
| 610 |
1 |
|
|a 19 век
|
| 610 |
1 |
|
|a 20 век
|
| 675 |
|
|
|a 7(069)
|z rus
|v 3
|
| 675 |
|
|
|a 75.03
|z rus
|v 3
|
| 700 |
|
1 |
|a Костеневич
|b А. Г.
|g Альберт Григорьевич
|4 070
|
| 801 |
|
0 |
|a RU
|b RuMRKP
|c 19950417
|g psbo
|
| 801 |
|
1 |
|a RU
|b 63413507
|c 20140715
|
| 801 |
|
2 |
|a RU
|b 63413507
|c 20150728
|g RCR
|
| 942 |
|
|
|c BK
|